| 000 | 00719nam a22001937a 4500 | ||
|---|---|---|---|
| 999 |
_c175723 _d175723 |
||
| 005 | 20200923111657.0 | ||
| 010 | _aENG-128452 | ||
| 020 |
_c350.00 _a9789388492072 |
||
| 035 | _aEN-111984 | ||
| 037 | _bDBAD/PUB | ||
| 082 | _a630.95435 | ||
| 100 | _aReddy, V. Ramakrishna | ||
| 245 |
_aAgricultural Development of Hyderabad State(Medak Suba) 1905-1950 A.D./ _cby Prof. (Retd.) V. Ramakrishna Reddy |
||
| 260 |
_aVijaywada _bEMESCO BOOKS _c2018 |
||
| 270 |
_a33-22-2, Chandram Buildings, C.R.Road, Chuttungunta _bVijaywada _e520004 _k0866-2436643 _memescovja@gmail.com |
||
| 300 |
_a458p. _c21cm(pbk) _bTables |
||
| 500 | _aIncludes bibliography and Abbrevations | ||
| 942 |
_2ddc _cEN _h630.95435 _mRED |
||